| 000 | 00670nam a22002177a 4500 | ||
|---|---|---|---|
| 005 | 20170523152813.0 | ||
| 008 | 090109t xxu||||| |||| 00| 0urd d | ||
| 010 | _aB-29226 | ||
| 020 | _c175.00 | ||
| 035 | _aB-29226 | ||
| 037 | _bBPPD | ||
| 040 |
_aDPL _bUrdu |
||
| 082 | _aک | ||
| 100 | _aتر نم ر یا ض | ||
| 245 |
_aا با بیلیں لو ٹ آ ہن گی _c تر نم ر یا ض |
||
| 246 |
_aAbabilein Lot Aaein Gi _bBy Taranum Riaz |
||
| 260 |
_aNew Delhi _bNirali Duniya Publications _c2000 |
||
| 270 |
_a358-A,Bazar Dehli Gate,Darya Ganj, _bNew Delhi _e110002 _k0113276094 |
||
| 300 |
_a208ص _c22 cm(hb) |
||
| 942 |
_2ddc _cUR _hک _mت ر ن |
||
| 999 |
_c140338 _d140338 |
||